| 000 | 01027cam a22002651a 4500 | ||
|---|---|---|---|
| 001 | e 30000235 | ||
| 003 | DLC | ||
| 005 | 20260227111220.0 | ||
| 008 | 830201s1930 dcu b f000 0 eng c | ||
| 010 | _ae 30000235 | ||
| 035 | _a(OCoLC)9180866 | ||
| 040 |
_aU.S. Off. of Educ. Library _cABAU _dABAU _dDLC |
||
| 042 | _apremarc | ||
| 050 | 0 | 0 |
_aL111 _b.A6 1930 no. 12 |
| 051 |
_aLB2806.5 _b.A6 1930 |
||
| 100 | 1 |
_aAbel, James F. _q(James Frederick), _d1878- |
|
| 245 | 1 | 0 |
_aNational ministries of education / _cby James F. Abel. |
| 260 |
_aWashington : _bU.S. G.P.O., _c1930. |
||
| 300 |
_aix, 158 p. ; _c23 cm. |
||
| 490 | 0 |
_aBulletin / United States Department of the Interior, Office of Education ; _v1930, no. 12 |
|
| 500 | _a"This manuscript consists of chapters taken from the thesis ... submitted in partial fulfillment of the requirements for the degree of doctor of philosophy at George Washington University." | ||
| 504 | _aBibliography: p. 151-158. | ||
| 650 | 0 | _aEducation and state. | |
| 650 | 0 | _aEducation. | |
| 999 |
_c21039 _d21039 |
||